Score 0/26 Timer 03:00
5 Plays Today
‘Jack’ Term Missing Word % Correct
Jack and ______Jill
98.7%
Jack-o'-______lantern
93.7%
Jack ______Daniel’s
93.3%
Jack in the ______Box
91.4%
Jack and the ______Beanstalk
90.7%
______jackBlack/Slap
90.1%
Jack the ______Ripper
88.6%
______jackFlap
83.2%
Jack ______ the priceup
81.6%
Jack ______ terrierRussell
78.3%
Jack Be ______Nimble
78.1%
______ Jack FlashJumpin'
76.7%
______ JacksApple/Cinnamon
76.6%
‘Jack’ Term Missing Word % Correct
All work & no play makes Jack a _____ boydull
76.1%
Hit the ______ JackRoad
75.5%
Jack of all trades, ______ of nonemaster
75.4%
______ Jack HornerLittle
73.2%
______ JackUnion
70.8%
Jack ______Frost
66.6%
Jack ______ could eat no fatSprat
61.3%
Jack & ______Diane
57.5%
Jack the Giant ______Slayer
48.6%
______jackCar/Hi/Sky
44.4%
Dr. Jack ______Kevorkian
38.3%
Jack______boot
24.4%
______ JackHappy
15.8%

Today's Daily Dose

Missing Word
Lizzo Songs

Get the Picture
The Longest Rivers

Remove Ads.
Support Sporcle.
Get the best of Sporcle when you Go Orange. This ad-free experience offers more features, more stats, and more fun while also helping to support Sporcle. Thank you for becoming a member.

You're not logged in!

Compare scores with friends on all Sporcle quizzes.
OR
Log In

Show Comments

Extras

Top Quizzes Today


Score Distribution

Your Account Isn't Verified!

In order to create a playlist on Sporcle, you need to verify the email address you used during registration. Go to your Sporcle Settings to finish the process.

Report this User

Report this user for behavior that violates our Community Guidelines.

Details: